000
00224nam a22000857a 4500
008
161124b xxu||||| |||| 00| 0 eng d
100
_9
1350
_a
BPI India
245
_a
A Tasty Feast for the mice
260
_a
New Delhi
_b
BPI India
_c
2011
999
_c
4064
_d
4064